Normal view
MARC view
- Coello Coello, Carlos A
Entry Personal Name
001 - CONTROL NUMBER
- control field: 96230
003 - CONTROL NUMBER IDENTIFIER
- control field: NUST
005 - DATE AND TIME OF LATEST TRANSACTION
- control field: 20220802115900.0
008 - FIXED-LENGTH DATA ELEMENTS
- fixed length control field: 220802|| aca||aabn | a|a d
040 ## - CATALOGING SOURCE
- Original cataloging agency: NUST
- Transcribing agency: NUST
100 ## - HEADING--PERSONAL NAME
- Personal name: Coello Coello, Carlos A
670 ## - SOURCE DATA FOUND
- Source citation: Work cat.: (NUST)0: Coello Coello, Carlos A., Evolutionary algorithms for solving multi-objective problems /, c2007.
